000 005770000a22001810004500
003 MACL
005 20160324162249.0
008 160324b xxu||||| |||| 00| 0 eng d
040 _aMACL
_cMACL
041 _aHindi
082 _a200
100 _aउदय कौशिक शंकर
_948424
245 _aसुन्‍दरकाण्‍ड की वर्तमान में प्रासंगिकता
260 _bदीपू प्रकाशन
_c2004
_aदिल्‍ली
350 _a150
650 _aReligion
_948425
942 _cHIN
_k200
_2ddc
999 _c10331
_d10331